<?xml version="1.0" encoding="UTF-8"?>
<record
    xmlns:xsi="http://www.w3.org/2001/XMLSchema-instance"
    xsi:schemaLocation="http://www.loc.gov/MARC21/slim http://www.loc.gov/standards/marcxml/schema/MARC21slim.xsd"
    xmlns="http://www.loc.gov/MARC21/slim">

  <leader>00880naa a22001697i 4500</leader>
  <controlfield tag="001">9327</controlfield>
  <controlfield tag="003">KOSZ 005</controlfield>
  <controlfield tag="005">20180324111644.0</controlfield>
  <controlfield tag="008">180324s2001    pl  ||||| ||||1|| 0 pol d</controlfield>
  <datafield tag="040" ind1=" " ind2=" ">
    <subfield code="c">KOSZ 005/HR</subfield>
    <subfield code="a">KOSZ 005/HR</subfield>
  </datafield>
  <datafield tag="041" ind1="0" ind2=" ">
    <subfield code="a">pol</subfield>
  </datafield>
  <datafield tag="100" ind1="1" ind2=" ">
    <subfield code="a">ZAWADZKA, Danuta.</subfield>
    <subfield code="d">1999-2006.</subfield>
    <subfield code="b">Politechnika Koszali&#x144;ska - Wydzia&#x142; Ekonomii i Zarz&#x105;dzania,</subfield>
    <subfield code="c">Katedra Rachunkowo&#x15B;ci i Finans&#xF3;w, Zak&#x142;ad Finans&#xF3;w</subfield>
  </datafield>
  <datafield tag="245" ind1="1" ind2="0">
    <subfield code="a">Strategie finansowania dzia&#x142;alno&#x15B;ci przedsi&#x119;biorstwa :</subfield>
    <subfield code="b">studium przypadku /</subfield>
    <subfield code="c">Danuta Zawadzka.</subfield>
  </datafield>
  <datafield tag="655" ind1=" " ind2="0">
    <subfield code="a">Materia&#x142;y konferencyjne.</subfield>
  </datafield>
  <datafield tag="773" ind1="0" ind2=" ">
    <subfield code="i">W :</subfield>
    <subfield code="t">Rachunkowo&#x15B;&#x107; i finanse w integracji Polski z krajami Unii Europejskiej : materia&#x142;y na konferencj&#x119; naukow&#x105;, Koszalin 23 listopada 2001. - </subfield>
    <subfield code="d">Koszalin : Politechnika Koszali&#x144;ska. Wydzia&#x142; Ekonomii i Zarz&#x105;dzania : Polskie Towarzystwo Ekonomiczne, 2001. -</subfield>
    <subfield code="g">s. 141-151.</subfield>
  </datafield>
  <datafield tag="942" ind1=" " ind2=" ">
    <subfield code="c">ROZ</subfield>
    <subfield code="2">UKD</subfield>
  </datafield>
  <datafield tag="999" ind1=" " ind2=" ">
    <subfield code="c">9327</subfield>
    <subfield code="d">9327</subfield>
  </datafield>
</record>
